000 01127nam a2200373 a 4500
003 AR-BaBNM
005 20251128203508.0
008 082120s2002 ||||||||||||||000 | spa||
020 _a84-306-9793-4
040 _cAR-BaBNM
245 0 0 _aHistoria de la vida privada
_bel individuo en la Europa feudal. 4
250 _a1ª ed.
260 _aMadrid
_bTaurus
_c1992
300 _a331 p.
_bil.
500 _aContiene referencias bibliográficas en p. 321
500 _aIndice onomástico en p.325
500 _aIndice temático en p. 329
650 4 _aSOCIOLOGIA CULTURAL
650 4 _aANTROPOLOGIA CULTURAL Y SOCIAL
650 4 _aVIDA SOCIAL
650 4 _aVIDA COTIDIANA
650 4 _aCOSTUMBRES Y TRADICIONES
650 4 _aFEUDALISMO
650 4 _aEDAD MEDIA
650 4 _aLITERATURA
700 1 _aAriès, Philippe
_edirector
700 1 _aDuby, Georges
_edirector
700 1 _aPérez Gutiérrez, Francisco
_etraductor
700 1 _aBarthélemy, Dominique
_ecolaborador
700 1 _aBraunstein, Philippe
_ecolaborador
700 1 _aContamine, Philippe
_ecolaborador
942 _cBK
998 _cMARTIN
999 _c3648
_d3648